Dr.Clifford Chan's book of Singapore discus
| Main Author: | |
|---|---|
| Format: | Book |
| Published: |
Neptune City,NJ :
T.F.H.Publications ,
1991
|
| Subjects: |
MARC
| LEADER | 00000cam a2200000 7i4500 | ||
|---|---|---|---|
| 001 | 0000002509 | ||
| 002 | 000002733 | ||
| 005 | 20000330.0 | ||
| 020 | |a 0866221719 | ||
| 090 | 0 | 0 | |a 639.3758 |b CHA |
| 100 | 0 | |a Chan, Clifford |f Dr | |
| 245 | 1 | 0 | |a Dr.Clifford Chan's book of Singapore discus |c Dr.Clifford Chan |
| 260 | |a Neptune City,NJ : |b T.F.H.Publications , |c 1991 | ||
| 300 | |a 155p. : |b ill. ; |c 24cm. | ||
| 650 | 0 | 0 | |a Aquarium fishes |x Breeding |
| 650 | 0 | 0 | |a Discus |z Singapore |
| 740 | 0 | |a Book of Singapore discus | |
| 999 | |a 036215 |b BUKU |c PINJAMAN |e PERPUSTAKAAN KOMUNITI PETALING JAYA | ||